The Council of the City of Plymouth v D R Jones (Yeovil) Ltd (Record no. 77131)

MARC details
000 -LEADER
fixed length control field 01621cab a2200193 4500
001 - CONTROL NUMBER
control field ##L133645
008 - FIXED-LENGTH DATA ELEMENTS--GENERAL INFORMATION
fixed length control field 060525n2005 000 0 eng u
035 ## - SYSTEM CONTROL NUMBER
System control number (Sirsi) u133645
041 0# - LANGUAGE CODE
Language code of text/sound track or separate title eng
245 04 - TITLE STATEMENT
Title The Council of the City of Plymouth v D R Jones (Yeovil) Ltd
260 ## - PUBLICATION, DISTRIBUTION, ETC.
Date of publication, distribution, etc. 2005
520 ## - SUMMARY, ETC.
Summary, etc. [2005] EWHC 2356 (TCC) 31 October 2005. P awarded a contract to D to carry out building works. P later asserted that the contract did not accurately reflect what had been agreed between the parties, specifically on issues concerning date of formation of the contract, which documents were incorporated in the contract, the relevant dates for performance, and contractual working hours. An arbitrator found against P on all four issues. P sought leave to appeal under the Arbitration Act 1996 s69. "Held" the issues raised by P related to errors of fact, not law. Even if there had been an error of law, it did not substantially effect the rights of the parties. Nor had P been able to show that there had been an obvious error on the face of the arbitrator's award itself; indeed the arbitrator had almost certainly been right on every issue. Permission to appeal was refused.
650 24 - SUBJECT ADDED ENTRY--TOPICAL TERM
Topical term or geographic name entry element PLYMOUTH CITY COUNCIL V D R JONES (YEOVIL) LTD
650 24 - SUBJECT ADDED ENTRY--TOPICAL TERM
Topical term or geographic name entry element ARBITRATION ACT 1996 S69
651 #4 - SUBJECT ADDED ENTRY--GEOGRAPHIC NAME
Geographic name England and Wales
Chronological subdivision 1543-
690 ## - LOCAL SUBJECT ADDED ENTRY--TOPICAL TERM (OCLC, RLIN)
Topical term or geographic name as entry element MANAGEMENT-DISPUTE AVOIDANCE, MANAGEMENT AND RESOLUTION-DISPUTE MANAGEMENT AND RESOLUTION-ARBITRATION-ARBITRATION AWARDS
856 41 - ELECTRONIC LOCATION AND ACCESS
Uniform Resource Identifier <a href="https://www.bailii.org/cgi-bin/markup.cgi?doc=/ew/cases/EWHC/TCC/2005/2356.html">https://www.bailii.org/cgi-bin/markup.cgi?doc=/ew/cases/EWHC/TCC/2005/2356.html</a>
Public note View the item free of charge at www.bailii.org...
942 ## - ADDED ENTRY ELEMENTS (KOHA)
Suppress in OPAC 0
Holdings
Withdrawn status Lost status Source of classification or shelving scheme Damaged status Not for loan Home library Current library Shelving location Date acquired Total Checkouts Full call number Barcode Date last seen Copy number Price effective from Koha item type
    Dewey Decimal Classification     Virtual Virtual Online 25/05/2006   ONLINE PUBLICATION 133645-1001 06/08/2019 1 06/08/2019 Law report